000
00290nam a2200121Ia 4500
008
190216s9999||||xx |||||||||||||| ||und||
100
_a
I A S Study Circle
245
0
_a
Indian Economic Development
260
_b
Book Hive Pub
_c
1984
300
_a
567p
650
_a
Economics
942
_c
REF
999
_c
35799
_d
35799